00602nam a2200217 4500001001300000003000400013005001700017008004100034010001700075025002000092050001800112100001900130245004100149260005000190300002800240350000900268490003000277504003000307600003000337999001700367sa 68017491 DLC20260227112703.0710301s1968 ii b b 00010beng  asa 68017491  aPL480:I-E-111060 aDS470.N3bD3810aDeodhar, Y. N.1 aNana Phadanavisc[by] Y. N. Deodhar.0 aNew Delhi,bNational Book Trust Indiac[1968] aiv, 88 p.bmap.c18 cm. a1.750 aNational biography series aBibliography: p. [87]-88.00aNana Phadnis,d1742-1800. c87749d87749